00916nam a2200205 i 450000100060000000300090000600500170001500700030003200800410003510000330007624502290010926000780033830000220041650000270043865000210046570000520048685200330053899900170057195201220058877842ES-MaACL20250801223403.0t|041111s1919 sp ||||1| spa d1 aMarden, Orison Swett.97656413aLa obra maestra de la vida b: libro para el perfeccionamiento de nuestro carácter y afirmación de nuestra personalidad / coriginal de Orison Swett Marden ; traducción directa del inglés por Federico Climent Terrer. aBarcelona : bLibrería Parera, c1919 (fSobs. de López Robert y Cª) a347 p. ; c18 cm. aCon retrato del autor.04aVoluntad.9178481 aCliment Terrer, Federico,d1860-ca. 1949939265 aES-MaACLjE-10329 bR.133718 c77842d77842 00104070aATENEOMbATENEOMcDEPO2d2008-01-17eSCl0oE-10329p1081437r2023-02-23 00:00:00w2023-02-23yMONOGRAFIA